00478nam a22001577a 450000500170000000800410001702000150005804000130007305000140008610000160010024500840011626000400020030000460024065000170028670000170030320230516143947.0230516b |||||||| |||| 00| 0 eng d a8171692974 aKMUcKMU aSB 91 Boo aBoodle L.A  aStudent handbook of botany and plant science /bby L.A. Boodle and E.W. Sinnott aNew Delhi :bcommonwealth ,c1994 . avi, 400 pages ;billustrations :c20 cm . 2OclcaBotany aSinnott E.W.